Random Beatles Songs to Album - Statistics

General Stats
  • This quiz has been taken 640 times
  • The average score is 15 of 20
Answer Stats
Song Album % Correct
Here Comes the Sun Abbey Road
100%
Helter Skelter The Beatles
100%
Something Abbey Road
97%
Carry That Weight Abbey Road
96%
A Hard Day's Night A Hard Day's Night
96%
Mother Nature's Son The Beatles
96%
Honey Pie The Beatles
96%
I Want You (She's So Heavy) Abbey Road
94%
The End Abbey Road
92%
Two of Us Let It Be
92%
Happiness is a Warm Gun The Beatles
92%
Martha My Dear The Beatles
92%
Oh! Darling Abbey Road
91%
Taxman Revolver
91%
Back in the U.S.S.R. The Beatles
91%
Everybody's Got Something to Hide Except Me and My Monkey The Beatles
91%
Come Together Abbey Road
90%
Ob-La-Di, Ob-La-Da The Beatles
90%
The Continuing Story of Bungalow Bill The Beatles
90%
Revolution 9 The Beatles
90%
Let It Be Let It Be
89%
Maggie Mae Let It Be
89%
Tomorrow Never Knows Revolver
89%
Revolution 1 The Beatles
89%
Across the Universe Let It Be
88%
The Long and Winding Road Let It Be
88%
Magical Mystery Tour Magical Mystery Tour
88%
I Am the Walrus Magical Mystery Tour
88%
Nowhere Man Rubber Soul
88%
Girl Rubber Soul
88%
Run for Your Life Rubber Soul
88%
Good Morning Good Morning Sgt. Pepper's Lonely Hearts Club Band
88%
I'm So Tired The Beatles
88%
You Never Give Me Your Money Abbey Road
87%
Polythene Pam Abbey Road
87%
She Came in Through the Bathroom Window Abbey Road
87%
Help! Help!
87%
Mean Mr. Mustard Abbey Road
86%
All You Need Is Love Magical Mystery Tour
86%
Hello, Goodbye Magical Mystery Tour
86%
If I Needed Someone Rubber Soul
86%
Sgt. Pepper's Lonely Hearts Club Band Sgt. Pepper's Lonely Hearts Club Band
86%
Dear Prudence The Beatles
86%
While My Guitar Gently Weeps The Beatles
86%
Octopus's Garden Abbey Road
85%
Because Abbey Road
85%
For No One Revolver
85%
With a Little Help from My Friends Sgt. Pepper's Lonely Hearts Club Band
85%
Rocky Raccoon The Beatles
85%
I Will The Beatles
85%
Her Majesty Abbey Road
84%
Eleanor Rigby Revolver
84%
Michelle Rubber Soul
84%
Birthday The Beatles
84%
I Me Mine Let It Be
83%
I've Got a Feeling Let It Be
83%
Strawberry Fields Forever Magical Mystery Tour
83%
I'm Only Sleeping Revolver
83%
Here, There and Everywhere Revolver
83%
Lucy in the Sky with Diamonds Sgt. Pepper's Lonely Hearts Club Band
83%
When I'm Sixty-Four Sgt. Pepper's Lonely Hearts Club Band
83%
Act Naturally Help!
82%
P.S. I Love You Please Please Me
82%
Drive My Car Rubber Soul
82%
Within You Without You Sgt. Pepper's Lonely Hearts Club Band
82%
Savoy Truffle The Beatles
82%
Hey Bulldog Yellow Submarine
82%
It's Only Love Help!
81%
I Saw Her Standing There Please Please Me
81%
Love Me Do Please Please Me
81%
A Day in the Life Sgt. Pepper's Lonely Hearts Club Band
81%
Julia The Beatles
81%
Maxwell's Silver Hammer Abbey Road
80%
Doctor Robert Revolver
80%
She's Leaving Home Sgt. Pepper's Lonely Hearts Club Band
80%
Piggies The Beatles
80%
Why Don't We Do It in the Road? The Beatles
80%
Yer Blues The Beatles
80%
Things We Said Today A Hard Day's Night
79%
You've Got to Hide Your Love Away Help!
79%
Get Back Let It Be
79%
Lady Madonna Past Masters
79%
Please Please Me Please Please Me
79%
Norwegian Wood (This Bird Has Flown) Rubber Soul
79%
I'm Looking Through You Rubber Soul
79%
Glass Onion The Beatles
79%
Blackbird The Beatles
79%
Sexy Sadie The Beatles
79%
It Won't Be Long With the Beatles
79%
And I Love Her A Hard Day's Night
78%
Your Mother Should Know Magical Mystery Tour
78%
Wait Rubber Soul
78%
Being for the Benefit of Mr. Kite! Sgt. Pepper's Lonely Hearts Club Band
78%
Wild Honey Pie The Beatles
78%
No Reply Beatles for Sale
77%
Ticket to Ride Help!
77%
Do You Want to Know a Secret Please Please Me
77%
All My Loving With the Beatles
77%
Sun King Abbey Road
76%
Golden Slumbers Abbey Road
76%
If I Fell A Hard Day's Night
76%
Blue Jay Way Magical Mystery Tour
76%
Chains Please Please Me
76%
Good Day Sunshine Revolver
76%
Got To Get You Into My Life Revolver
76%
The Fool on the Hill Magical Mystery Tour
75%
Tell Me Why A Hard Day's Night
74%
Flying Magical Mystery Tour
74%
Fixing a Hole Sgt. Pepper's Lonely Hearts Club Band
74%
Kansas City / Hey, Hey, Hey, Hey Beatles for Sale
73%
One After 909 Let It Be
73%
Getting Better Sgt. Pepper's Lonely Hearts Club Band
73%
Rock and Roll Music Beatles for Sale
72%
You're Going to Lose That Girl Help!
72%
She Said She Said Revolver
72%
Lovely Rita Sgt. Pepper's Lonely Hearts Club Band
72%
I'll Follow the Sun Beatles for Sale
71%
I've Just Seen a Face Help!
71%
And Your Bird Can Sing Revolver
71%
All Together Now Yellow Submarine
71%
Can't Buy Me Love A Hard Day's Night
70%
Another Girl Help!
70%
Yesterday Help!
70%
Anna (Go to Him) Please Please Me
70%
Cry Baby Cry The Beatles
70%
Till There Was You With the Beatles
70%
I'm Happy Just to Dance with You A Hard Day's Night
69%
I'm a Loser Beatles for Sale
69%
Twist and Shout Please Please Me
69%
I'll Cry Instead A Hard Day's Night
68%
When I Get Home A Hard Day's Night
68%
Dizzy Miss Lizzy Help!
68%
Misery Please Please Me
68%
Don't Bother Me With the Beatles
68%
It's All Too Much Yellow Submarine
68%
Penny Lane Magical Mystery Tour
67%
Yellow Submarine Revolver
67%
Only a Northern Song Yellow Submarine
67%
Baby, You're a Rich Man Magical Mystery Tour
66%
Don't Pass Me By The Beatles
66%
Roll Over Beethoven With the Beatles
66%
Eight Days a Week Beatles for Sale
65%
Dig It Let It Be
65%
Day Tripper Past Masters
65%
Ask Me Why Please Please Me
65%
The Word Rubber Soul
65%
Every Little Thing Beatles for Sale
64%
You Won't See Me Rubber Soul
64%
I Need You Help!
63%
Rain Past Masters
63%
Hey Jude Past Masters
63%
A Taste of Honey Please Please Me
63%
Good Night The Beatles
63%
In My Life Rubber Soul
62%
All I've Got to Do With the Beatles
62%
You Really Got a Hold on Me With the Beatles
62%
Money (That's What I Want) With the Beatles
62%
I Should Have Known Better A Hard Day's Night
61%
Dig a Pony Let It Be
61%
I Want to Tell You Revolver
61%
Words of Love Beatles for Sale
60%
Honey Don't Beatles for Sale
60%
The Night Before Help!
60%
For You Blue Let It Be
59%
I Call Your Name Past Masters
59%
I Wanna Be Your Man With the Beatles
59%
You Like Me Too Much Help!
58%
Long Tall Sally Past Masters
58%
Baby It's You Please Please Me
58%
Think for Yourself Rubber Soul
58%
Tell Me What You See Help!
57%
I'm Down Past Masters
57%
You Know my Name (Look Up the Number) Past Masters
57%
Love You To Revolver
57%
What Goes On Rubber Soul
57%
She Loves You Past Masters
55%
Please Mr. Postman With the Beatles
55%
Not a Second Time With the Beatles
55%
Matchbox Past Masters
54%
Little Child With the Beatles
52%
She's a Woman Past Masters
50%
Boys Please Please Me
50%
Devil in Her Heart With the Beatles
50%
Baby's in Black Beatles for Sale
48%
Mr. Moonlight Beatles for Sale
48%
The Inner Light Past Masters
48%
We Can Work It Out Past Masters
47%
Paperback Writer Past Masters
47%
You Can't Do That A Hard Day's Night
46%
This Boy Past Masters
46%
Revolution Past Masters
46%
I'll Be Back A Hard Day's Night
45%
Slow Down Past Masters
45%
Don't Let Me Down Past Masters
45%
The Ballad of John and Yoko Past Masters
45%
Old Brown Shoe Past Masters
45%
Long, Long, Long The Beatles
45%
Everybody's Trying to Be My Baby Beatles for Sale
44%
I'll Get You Past Masters
44%
Hold Me Tight With the Beatles
44%
I Don't Want to Spoil the Party Beatles for Sale
42%
There's a Place Please Please Me
42%
Thank You Girl Past Masters
41%
Any Time at All A Hard Day's Night
38%
What You're Doing Beatles for Sale
38%
I Feel Fine Past Masters
38%
Bad Boy Past Masters
38%
Yes it Is Past Masters
38%
From Me to You Past Masters
34%
I Want to Hold Your Hand Past Masters
31%
No matching quizzes found
Score Distribution
Percent of People with Each Score
Percentile by Number Answered
Your Score History
You have not taken this quiz